| LEADER |
00639nam0a2200193 450 |
| 001 |
16826574 |
| 010 |
|
|
|a 9782330066246
|b rel.
|d 14,9
|
| 100 |
|
|
|a 20160915d2026 u u0frey01 ba
|
| 101 |
0 |
|
|a fre
|
| 102 |
|
|
|a FR
|
| 200 |
0 |
|
|a Boucle d'Or au musée
|f Amel Khaldi-Bonnaud
|
| 207 |
|
1 |
|a
|
| 210 |
|
|
|a Arles (Bouches-du-Rhône)
|c Actes sud junior
|d DL 2016
|
| 215 |
|
|
|a 1 vol. (non paginé [44] p.)
|c ill. en coul.
|d 22 cm
|
| 676 |
|
|
|a 750
|
| 700 |
|
0 |
|a Khaldi-Bonnaud
|b Amel
|4 70
|
| 900 |
|
|
|a Documentaire jeunesse
|
| 901 |
|
|
|a Accessible au prêt
|
| 995 |
|
|
|a Bibliothèque
|c Bibliothèque
|f 024017742
|h 024017742
|k E 750 KHA
|o p
|q j
|r az
|e Bibliothèque
|